000 02110cam a22005174i 4500
003 PE-LiUPU
005 20250731180056.0
008 150617s1981 pe a r 000 0 spa d
035 _a(Sirsi) a15784
040 _aPE-LiUPU
_bspa
_cPE-LiUPU
_dPE-LiUPU
_erda
049 _aPRUA
082 0 4 _a511.3
_bZ74
_221
100 1 _aZevallos G, Oscar,
_eautor.
245 1 0 _aRazonamiento matemático :
_bcurso integral /
_cOscar G. Zevallos.
264 1 _aLima :
_bCentauro,
_c1981.
300 _a533 páginas :
_bilustraciones ;
_c21 centímetros
336 _atext
_2rdacontent
337 _aunmediated
_2rdamedia
338 _avolume
_2rdacarrier
505 0 _aComo resolver un problema -- Operaciones fundamentales -- Operaciones combinadas -- Porcentajes -- Fracciones -- Promedios -- Cripto aritmética. Operadores -- Ecuaciones exponenciales -- Ecuaciones -- Problemas sobre relojes -- Problemas sobre edades -- Velocidades -- Análisis combinatorio -- Áreas sombreadas -- Relaciones métricas en un triángulo rectángulo -- Conjuntos -- Series -- Sumatorias -- Analogías y distribuciones numéricas -- Descarte de datos.
526 _aSEG44
526 _aSEG26
526 _aP159
526 _aP155
526 _aP154
526 _aP153
526 _aP150
526 _aP100
526 _aP31
526 _aP30
526 _aP26
526 _aP25
526 _aP24
526 _aP22
526 _aP15
526 _aP10
650 0 4 _aPruebas de inteligencia
_xMatemáticas.
910 _ajck
_bjvq
_cjck
_d20150616
910 _bksl
_cksl
_d20190510
942 _2ddc
_cBOOK
949 _a511.3 Z74
_wDEWEY
_c1
_i20978
_lCCODEBUL1
_mBUL
_p26
_r0
_sY
_tBOOK
_u2015-04-21
_xEDUCACION
_zUNKNOWN
_0COMPRA
_o.STAFF. Colección Ciencias Humanas y Educación
994 _aC0
_bPEPRU
596 _a1
999 _a511.3 Z74
_wDEWEY
_c10488
_i20978
_d10488
_e2018-3-28
_f2021-11-8
_g6
_lCCODEBUL1
_mBUL
_n4
_p26.00
_q1
_r0
_sY
_tBOOK
_u2015-4-21
_xEDUCACION
_PP20
_0COMPRA
_o.STAFF. Colección Ciencias Humanas y Educación
980 _81
_gALBERTO SANCHEZ Responsable de Automatización